Les 10 footballeurs les plus suivis sur les réseaux sociaux - Statistiques

Statistiques générales
  • Ce quiz a été pris 5 184 fois
  • Le résultat moyen est 5 sur 10
Statistiques - réponses
Hint Réponse % Correct
500 M Cristiano Ronaldo
100%
306 M Messi
100%
288 M Neymar
91%
85 M Benzema
59%
100 M Ramos
35%
87,6 M Ibrahimovic
34%
98 M Bale
31%
94 M Marcelo
19%
104 M Rodriguez
7%
92 M Ozil
6%
Aucun quiz correspondant
Distribution des résultats
% des personnes avec chaque résultat
Percentile par nombre de réponses
Votre historique - résultats
Vous n’avez pas pris ce quiz